| 000 | 00858nam a22002897a 4500 | ||
|---|---|---|---|
| 003 | CHAP | ||
| 005 | 20220329135552.0 | ||
| 008 | 971013s r 00010 d | ||
| 010 | _a38651 | ||
| 011 | _a39623 | ||
| 035 | _a43744 | ||
| 040 | _cCHAP | ||
| 090 | _aFolleto 342 | ||
| 100 | 0 | 0 |
_aEspinosa Angeles, Eleuterio. _937893 |
| 245 | _aForestación y reforestación por contrato | ||
| 260 |
_a(s.l.) : _bVI Convención Forestal del Sureste, _c(s.a.) |
||
| 300 | _a7 h. | ||
| 500 | _aMimeógrafo | ||
| 590 |
_aBATCH-UPD _b10 _c20130110 _lUCH01 _h1901 |
||
| 590 |
_aBATCH-UPD _b10 _c20130410 _lUCH01 _h1229 |
||
| 590 |
_aBATCH-UPD _b10 _c20130914 _lUCH01 _h1606 |
||
| 590 |
_aCONVERSION _b10 _c20130109 _lUCH01 _h1321 |
||
| 650 | 1 | 4 |
_aPolítica forestal. _990563 |
| 901 | _aBK | ||
| 942 | _cFOLL | ||
| 949 |
_aFolleto 342 _bBC _cFOLL _d-100041 _eTS1 _i43744 _si |
||
| 999 |
_c38651 _d38651 |
||